High School History Classes - Statistics

General Stats
  • This quiz has been taken 43 times
  • The average score is 3 of 12
Answer Stats
Answer % Correct
World History
86%
US History
83%
European History
54%
African History
40%
Asian History
37%
South American History
20%
North American History
6%
Women In History
6%
Medieval History
3%
Minority Groups In History
3%
The History of World War 2
3%
Wars and Battles
3%
No matching quizzes found
Score Distribution
Percent of People with Each Score
Percentile by Number Answered
Your Score History
You have not taken this quiz